000 00751cam a2200277 4500
008 090401t1996 xxu||||| |||| 00| 0 eng d
020 _a0117532940
035 _a(Sirsi) u4181
041 _aeng
050 _a711.552
110 _aUnited Kingdom
_bDepartment of the Environment
_9982
245 _aTown centres and retail developments.
250 _aRevised ed.
260 _aLondon
_bHMSO
_c1996
300 _a(22)p. ; 30cm.
350 _a6.75
490 _aPPG
_v6
650 _aPLANNING POLICY GUIDANCE NOTE 6
650 _aPLANNING POLICY GUIDANCE NOTE SIX
650 _aRETAIL DEVELOPMENTS
650 _aSHOPPING CENTRES
650 _aTOWN CENTRES
690 _aPLANNING LAW AND PRACTICE
942 _n0
948 _c04/03/1997
999 _c86003
_d86003